000 00577nam a2200217Ia 4500
003 OSt
005 20220928140157.0
006 a|||||r|||| 00| 0
007 ta
008 220927b |||||||| |||| 00| 0 eng d
024 _a7268
037 _cTextual
040 _aSDCL
_cSDCL
_beng
041 _2eng
_aeng
082 _aD6,8(2),9(L), N9
100 _aTeodorescu Horia-Nicolai
_9494429
245 0 _aSoft computing in humanrelated sciences
260 _c1999
942 _hD6,8(2),9(L), N9
_cTEXL
_2CC
999 _c810353
_d810353